[Event "Cappelle op 09th"]
[Site "Cappelle la Grande"]
[Date "1993.??.??"]
[Round "3"]
[White "Nei, Iivo"]
[Black "Dohl, A."]
[Result "1-0"]
[WhiteElo "2395"]
[BlackElo "2195"]
[PlyCount "51"]
[EventDate "1993.02.??"]
[EventType "swiss"]
[EventRounds "9"]
[EventCountry "FRA"]
[SourceTitle "TD"]
[Source "ChessBase"]
[SourceDate "1994.03.01"]
[SourceVersion "1"]
[SourceVersionDate "1994.03.01"]
[SourceQuality "1"]

1. d4 e6 2. c4 Bb4+ 3. Bd2 Bxd2+ 4. Qxd2 b6 5. Nc3 Bb7 6. e4 Nh6 7. Bd3 Na6 8. Nge2 f5 9. 0-0 0-0 10. Rad1 Qh4 11. f3 Nb4 12. Bb1 a5 13. a3 Na6 14. Bc2 Rad8 15. d5 fxe4 16. Nxe4 exd5 17. cxd5 Rde8 18. N2g3 d6 19. Ng5 g6 20. Ne6 Rf7 21. Rfe1 Nc5 22. Nxc5 Rxe1+ 23. Rxe1 dxc5 24. Re4 Qd8 25. Qxh6 Bxd5 26. Re1 1-0